All Letters of the English Alphabet in 15 seconds - Statistics

General Stats
  • This quiz has been taken 177 times
  • The average score is 23 of 26
Answer Stats
Answer % Correct
D
100%
G
100%
A
98%
J
98%
E
95%
H
95%
B
93%
C
93%
I
93%
K
93%
F
91%
M
88%
O
88%
Q
88%
L
86%
S
86%
N
84%
P
84%
R
84%
W
84%
T
81%
U
81%
Y
77%
Z
74%
V
72%
X
72%
No matching quizzes found
Score Distribution
Percent of People with Each Score
Percentile by Number Answered
Your Score History
You have not taken this quiz